twice members - Estadísticas

Estadísticas generales
  • Esta prueba ha sido intentada 66 veces
  • La puntuación promedio es 8 de 9
Estadísticas de respuestas
Member % Correcto
Momo
100%
Sana
98%
Nayeon
95%
Jihyo
93%
Dahyun
91%
Jeongyeon
91%
Mina
91%
Tzuyu
91%
Chaeyoung
88%
No se encontraron pruebas coincidentes
Distribución de puntuación
Porcentaje de gente con cada puntuación
Porcentaje por número respondido
Historial de tus puntuaciones
No has intentado esta prueba.